Meister der Dritten Fußball-Liga der Männer (Deutschland) - Statistiken

Allgemein
  • Dieses Quiz wurde 51 mal gespielt
  • Das Durchschnittsergebnis liegt bei 8 aus 15
Antwortstatistiken
Hint Antwort % Korrekt
2015/16 Dynamo Dresden
86%
2020/21 Dynamo Dresden
86%
2009/10 VfL Osnabrück
64%
2018/19 VfL Osnabrück
64%
2022/23 SV Elversberg
61%
2012/13 Karlsruher SC
59%
2014/15 Arminia Bielefeld
55%
2017/18 1. FC Magdeburg
52%
2021/22 1. FC Magdeburg
52%
2011/12 SV Sandhausen
52%
2016/17 MSV Duisburg
50%
2010/11 Eintracht Braunschweig
45%
2013/14 1. FC Heidenheim
39%
2008/09 1. FC Union Berlin
30%
2019/20 FC Bayern München II
25%
Keine übereinstimmenden Quizze gefunden
Verteilung der Resultate
Anzahl Personen mit jedem Resultat
Perzentil nach korrekt beantworteten Fragen
Ihre Resultats-Entwicklung
Sie haben dieses Quiz noch nicht gespielt